000 00665nam a2200253Ia 4500
003 OSt
005 20221007105453.0
006 a|||||r|||| 00| 0
007 ta
008 221006b |||||||| |||| 00| 0 eng d
024 _a18,672
037 _cTextual
040 _aLCO
_cLCO
_beng
041 _2eng
_aeng
082 _aZ2,25, L5
100 _aMukerjee T.P
_9682815
245 0 _aLaw of Leases and Licences
260 _aAllahabad
_bDelhi Law House India
_c1975
300 _a986
650 _aLEASES AND LICENCES
_9706635
700 _a Sethi R.B
942 _hZ2,25, L5
_cTEXL
999 _c1188235
_d1188235